1130 1075 1824 1229 1979 1346 1538 1375 1241 1269 1088 1707 1619 1830 1000 1885 1017 1078 1659 1081 1451 1049 1773 1078 1279 1143 1985 1282 1726 1391 1097 1857 1236 1957 1242 1533 1465 1683 1005 1252 1108 1652 1245 1696 1045 1697 1363 1258 1488 1495 1252 1424 1609 1955 1870 1900 1602 1070 1484 1819 1854 1674 1068 1817 1146 1287 1338 1115 1820 1562 1276 1666 1011 1726 1503 1026 1059 1574 1632 1684 1702 1177 1683 1988 1361 1191 1010 1515 1594 1519 1785 1454 1245 1972 1419 1656 1627 1160 1124 BCNSPRNW ULIB Ver.6.0+V

เปลี่ยนเป็นภาษาไทย

Change to English
 แสดงรายละเอียดบรรณานุกรม
  กลับหน้าหลัก

Brief Record : Get Marc (ISO 2709) : E-mail record : QR code < ปิดหน้าต่าง
LEADER : 00000nam 2200000uu 4500
001    13399124635
003     ULIB
008    151104s2558||||th 000 0 tha d
020    ^a9786163820723
050  4 ^aDS578.32.A46^bน537
245 00 ^aน้ำหยดเดียว คุณหญิงอัมพร มีศุข 2461-2557 /^cบรรณาธิการ ครอบครัวมีศุข และผู้ร่วมปฏิบัติงาน
250    ^aพิมพ์ครั้งที่ 1
260    ^aกรุงเทพฯ :^bภาพพิมพ์,^c2558
300    ^a388 หน้า :^bภาพประกอบสี ;^c26 ซม.+^eซีดี 1 แผ่น
505 2  ^a1. พรหมของลูก -- 2 รากฐานการศึกษา -- 3. เก้าปีในสหรัฐอเมริกา -- 4. ชีวิตข้าราชการ -- 5. สิหกปีที่เผยแพร่การศึกษา -- 6. ผู้บุกเบิกทางเดินของผู้หญิง -- 7. งานเพื่อความก้าวหน้าของผู้หญิง -- 8. เรียนรู้ร่วมกัน สร้างสรรค์สังคม -- 9. ถนนสายนิติบัญญัติและการเมือง -- 10. งานเพื่อสิทธิของคนทุกคน -- 11. สิ่งที่มัม ยาย ย่า ฝากไว้ -- 12. ชีวิตที่ตอบแทนคุณแผ่นดิน
600 04 ^aอัมพร มีศุข,^cคุณหญิง,^d2461-2557
650  0 ^aEducation^xCollected works
650  4 ^aการศึกษา^vรวมเรื่อง
650  4 ^aการสงเคราะห์^vรวมเรื่อง
650  4 ^aหนังสืออนุสรณ์งานศพ
700 0  ^aครอบครัวมีศุข และผู้ร่วมปฏิบัติงาน,^eบรรณาธิการ
945    ^p0^l0^i000175
999    ^aวรรณษา ชูชัยมงคล
รายการนี้ยังไม่มีแท็ก
คุณยังไม่ได้ล็อกอิน คุณสามารถมีกิจกรรมร่วมกับเว็บไซต์ได้ แต่ต้องล็อกอินก่อน ::
  ล็อกอิน

รายการสื่อสารสนเทศ

ลำดับที่ ประเภท เลขเรียก/บาร์โค้ด สถานที่ สถานะ
1. การศึกษาทั่วไป
การศึกษาทั่วไป
DS578.32.A46 น537 ฉ.1 
  Barcode: 000175
ห้องสมุดวิทยาเขตสวรรค์ประชารักษ์
►หนังสือทั่วไป
บนชั้น

รายการใกล้เคียง
    หัวเรื่อง [หนังสืออนุสรณ์งานศพ]

BibComment


ยังไม่เคยถูกคอมเมนท์

คอมเมนท์ทรัพยากรรายการนี้
  คอมเมนท์: น้ำหยดเดียว คุณห..


 Copyright 2026. Bcnsprnw @Library